Plata (Record no. 6985)

MARC details
000 -CABECERA
campo de control de longitud fija 00921nam a2200205 a 4500
001 - NÚMERO DE CONTROL
campo de control BRCA_7309
005 - FECHA Y HORA DE LA ÚLTIMA TRANSACCIÓN
campo de control 20190320205804.0
008 - DATOS DE LONGITUD FIJA--INFORMACIÓN GENERAL
campo de control de longitud fija 060612s2011----mx-a######---#000-0#spa-#
020 ## - NÚMERO INTERNACIONAL ESTÁNDAR DEL LIBRO
Número Internacional Estándar del Libro 9786074951622
041 ## - CÓDIGO DE LENGUA
Código de lengua del texto/banda sonora o título independiente spa
044 ## - CÓDIGO DEL PAÍS DE LA ENTIDAD EDITORA/PRODUCTORA
Código MARC del país mx
050 #4 - SIGNATURA TOPOGRÁFICA DE LA BIBLIOTECA DEL CONGRESO
Número de clasificación NK7114
Número de documento/Ítem .P53 2011
245 10 - MENCIÓN DE TÍTULO
Título Plata
Resto del título forjando México.
260 ## - PUBLICACIÓN, DISTRIBUCIÓN, ETC.
Lugar de publicación, distribución, etc. México
Nombre del editor, distribuidor, etc. Consejo Editorial de la Administración Pública Estatal : Secretaría de Educación del Estado de México : Gobierno del Estado de México
Fecha de publicación, distribución, etc. 2011
300 ## - DESCRIPCIÓN FÍSICA
Extensión 597 p.
Otras características físicas il. a color
Dimensiones 29 cm.
500 ## - NOTA GENERAL
Nota general Incluye piezas de la colección Franz Mayer: p. [3], 37, 43, 66, 75, 77, 144, 147-148, 150, 170, 173-174, 177, 181-183, 187-189, 191-192, 206-208, 210, 212, 215, 218-219, 289, 332-333, 335, 340-342, 358, 365-366, 368, 373, 437-438, 440, 444, 458, 464, 467, 472, 495, 506, 509 y [610-612]
650 14 - PUNTO DE ACCESO ADICIONAL DE MATERIA--TÉRMINO DE MATERIA
Término de materia o nombre geográfico como elemento de entrada Plata
Subdivisión general Historia
Subdivisión geográfica México
9 (RLIN) 725
650 14 - PUNTO DE ACCESO ADICIONAL DE MATERIA--TÉRMINO DE MATERIA
Término de materia o nombre geográfico como elemento de entrada Platería
9 (RLIN) 2745
942 ## - ELEMENTOS DE PUNTO DE ACCESO ADICIONAL (KOHA)
Fuente del sistema de clasificación o colocación Library of Congress Classification
Tipo de ítem Koha Libros
Holdings
Estado de retiro Estado de pérdida Estado dañado No para préstamo Localización permanente Ubicación/localización actual Fecha de adquisición Total de préstamos Signatura topográfica completa Código de barras Fecha visto por última vez Precio válido a partir de Tipo de ítem Koha
El ejemplar forma parte de la colección y puede ser consultado según las políticas vigentes.       Biblioteca del Museo Franz Mayer (Rogerio Casas-Alatriste) Biblioteca del Museo Franz Mayer (Rogerio Casas-Alatriste) 06/06/2012   NK7114 .P53 2011 00662 22/03/2019 22/03/2019 Libros